[Event "Vila de Poblenou op"]
[Site "Barcelona"]
[Date "2001.08.23"]
[Round "8.16"]
[White "Gomez Fernandez, David"]
[Black "Avila Jimenez, Xavier"]
[Result "0-1"]
[WhiteElo "2059"]
[BlackElo "2240"]
[PlyCount "128"]
[EventDate "2001.08.16"]
[EventType "swiss"]
[EventRounds "9"]
[EventCountry "ESP"]
[SourceTitle "EXT 2002"]
[Source "ChessBase"]
[SourceDate "2001.11.25"]
[SourceVersion "1"]
[SourceVersionDate "2001.11.25"]
[SourceQuality "1"]

1. e4 e5 2. Nf3 Nc6 3. Nc3 Nf6 4. d4 Bb4 5. Bc4 exd4 6. Nxd4 0-0 7. Bg5 h6 8. Bh4 Ne5 9. Bb3 Ng6 10. Bxf6 Bxc3+ 11. bxc3 Qxf6 12. 0-0 a6 13. f4 d6 14. Qf3 Bd7 15. Rae1 Rae8 16. Qg3 c5 17. e5 dxe5 18. fxe5 Qg5 19. Nf3 Qxg3 20. hxg3 Be6 21. Bxe6 Rxe6 22. Rd1 Nxe5 23. Nxe5 Rxe5 24. Rd7 b5 25. Ra7 Re6 26. Rf2 f6 27. Rd2 Kh7 28. Rdd7 Rg8 29. Kf2 Kg6 30. g4 Re4 31. Rxa6 Rxg4 32. Rb6 Rc4 33. Rxb5 Rxc3 34. Rb2 Ra8 35. Rc7 Ra5 36. Rc6 Kf5 37. Rc7 g5 38. Rc6 h5 39. Ke2 h4 40. Kf2 Ke5 41. Rc8 f5 42. Re8+ Kf4 43. Rh8 Raa3 44. Rc8 Kg4 45. Rc7 h3 46. gxh3+ Kxh3 47. Rc6 c4 48. Rb3 Raxb3 49. cxb3 Rc2+ 50. Kf3 g4+ 51. Kf4 Rf2+ 52. Ke3 Rf3+ 53. Ke2 cxb3 54. axb3 Rxb3 55. Kf2 g3+ 56. Ke2 Rb2+ 57. Kf3 Rf2+ 58. Ke3 f4+ 59. Ke4 Kg2 60. Rc1 f3 61. Kf4 Ra2 62. Rc3 Ra4+ 63. Ke3 f2 64. Rc2 Kg1 0-1